000 02800cam a22003858i 4500
001 21497803
005 20260606123351.0
008 200413s2020 cau b 000 0 eng
010 _a 2020014965
020 _a9789353884154
_q(paperback)
020 _z9789353884161
_q(epub)
020 _z9789353884178
_q(ebook)
035 _a21497803
040 _aDLC
_beng
_erda
_cDLC
042 _apcc
050 0 0 _aHG4751
_b.K86 2020
082 0 0 _a332.04154
_223
100 1 _aKumar, Raj,
_d1959-
_eauthor.
245 1 0 _aVenture capital investments /
_cRaj Kumar, Manu Sharma.
263 _a2006
264 1 _aThousand Oaks :
_bSAGE Publishing,
_c2020.
336 _atext
_btxt
_2rdacontent
337 _aunmediated
_bn
_2rdamedia
338 _avolume
_bnc
_2rdacarrier
490 0 _aSage essentials
504 _aIncludes bibliographical references.
520 _a"Venture Capital is a form of financing provided by wealthy investors, investment banks and other financial institutions to start-ups and small to medium-sized enterprises with strong growth potential in exchange of private equity stakes. These investors are also known as venture capitalists (VCs). With the rise of start-ups and small ventures, the market of VCs and the interest of people in venture capitalism are also increasing. The valuation of the firms done by the VCs at the beginning stage is not just a betting game. It is thorough research done using different strategies and computing formulas. This book gives a fundamental understanding of various aspects of venture capital covering the nature of investments, deal evaluation, valuation, structure, economics and fundraising. It begins by covering how the private market is different from the public market. The history of venture capital is discussed with the venture capital industry in the background. The authors also discuss the deal of valuation, valuation and fundraising from the perspective of a VC. Finally, the book discusses fund economics and fund structure in venture capital firms. It provides challenges a VC faces right from raising funds to evaluating a potential deal, deal evaluation and exit evaluation . The book will be a helpful read for entrepreneurs who want to get into the shoes of a VC and understand how they valuate a firm or a start-up. It will also be an informative read for the aspiring VC who is looking to enter the venture capital market"--
_cProvided by publisher.
650 0 _aVenture capital.
650 0 _aCapital investments.
700 1 _aSharma, Manu
_c(Financial researcher),
_eauthor.
856 _uhttps://sk.sagepub.com/books/venture-capital-investments
_yRead SAGE E-Book
906 _a7
_bcbc
_corignew
_d1
_eecip
_f20
_gy-gencatlg
942 _2ddc
_cEBOOK
999 _c44733
_d44733